| 000 | 00992nam a22002297a 4500 | ||
|---|---|---|---|
| 003 | OSt | ||
| 005 | 20250827113052.0 | ||
| 008 | 240308b ||||| |||| 00| 0 eng d | ||
| 040 | _c0 | ||
| 082 | _aDPer 621.317 Ie21 July 2022 v.37 n. 7 | ||
| 100 |
_aWang, Jingfei. _eauthor. _954232 |
||
| 245 |
_aAn IGBT current boosting method by using ultrahigh driving-voltage in HVdc circuit breaker applications / _cJingfei Wang, Guishu Liang, Xiangyu Zhang, Lei Qi, and Lvyang Chen |
||
| 260 |
_aNew York ; _bThe Institute of Electrical and Electronics Engineers, Inc. , _cJuly 2022. |
||
| 300 |
_avolume 37, pages 8146-8156 : _billustration ; _c28 cm. |
||
| 500 | _a IEEE Transactions on Power Electronics, vol. 37, no. 7, pages 8146-8156, July 2022. | ||
| 700 |
_aWang, Jingfei. _eauthor. _954232 |
||
| 700 |
_aLiang, Guishu. _eauthor. _954233 |
||
| 700 |
_aZhang, Xiangyu. _eauthor. _954234 |
||
| 700 |
_aQi, Lei. _eauthor. _954235 |
||
| 700 |
_aChen, Lvyang. _eauthor. _954236 |
||
| 942 |
_2ddc _cPER |
||
| 999 |
_c19574 _d19574 |
||